József Attila apa-versei és "felismerés"-versei
Elmentve itt :
| Szerző: | |
|---|---|
| Dokumentumtípus: | Könyv része |
| Megjelent: |
JATE Bölcsészettudományi Kar
Szeged
1978
|
| Sorozat: | Szegedi bölcsészműhely
Szegedi Bölcsészműhely '77 : kutatási módszerek és irányzatok a társadalomtudományokban |
| Kulcsszavak: | Magyar irodalom - költészet - 20. sz. |
| Tárgyszavak: | |
| Online Access: | http://acta.bibl.u-szeged.hu/75771 |
| LEADER | 00840naa a2200205 i 4500 | ||
|---|---|---|---|
| 001 | acta75771 | ||
| 005 | 20220516151703.0 | ||
| 008 | 220516s1978 hu o 0|| hun d | ||
| 040 | |a SZTE Egyetemi Kiadványok Repozitórium |b hun | ||
| 041 | |a hun | ||
| 100 | 1 | |a Szigeti Lajos | |
| 245 | 1 | 0 | |a József Attila apa-versei és "felismerés"-versei |h [elektronikus dokumentum] / |c Szigeti Lajos |
| 260 | |a JATE Bölcsészettudományi Kar |b Szeged |c 1978 | ||
| 300 | |a 231-258 | ||
| 490 | 0 | |a Szegedi bölcsészműhely | |
| 490 | 0 | |a Szegedi Bölcsészműhely '77 : kutatási módszerek és irányzatok a társadalomtudományokban | |
| 650 | 4 | |a Bölcsészettudományok | |
| 650 | 4 | |a Nyelvek és irodalom | |
| 695 | |a Magyar irodalom - költészet - 20. sz. | ||
| 856 | 4 | 0 | |u http://acta.bibl.u-szeged.hu/75771/1/szegedi_bolcseszmuhely_77_231-258.pdf |z Dokumentum-elérés |